000
00299nam a22001337a 4500
008
181102b xxu||||| |||| 00| 0 eng d
020
_a
9781587787409
041
_a
eng
080
_2
6 ed
_a
341
100
_a
15
101
_a
JUR
245
_a
Payments And Credits
_c
Waren.W.D
942
_2
udc
_c
BK
999
_c
51726
_d
51726